000 00572nam a22001817a 4500
005 20251108164708.0
008 250721s1995 xx 000 0 ara d
082 1 4 _a747.85822/لوي
100 1 _aمليكة، لويز
245 1 0 _aالهندسة و الديكور المسرحي :
_bالرسم الهندسي /
264 1 _aالقاهره :
_bالهيئة المصرية العامة للكتاب،
_c1995.
300 _a127ص
650 1 7 _aالديكور
650 1 7 _aالرسم الهندسي
650 1 7 _aالمسرح
942 _2ddc
_cBK
999 _c12045
_d12045